[Event "Ste Foy Polgar"]
[Site "Ste Foy"]
[Date "2018.06.02"]
[Round "4"]
[White "Michaud, Jacques"]
[Black "Stoyanova, Stela"]
[Result "0-1"]
[WhiteElo "1523"]
[BlackElo "1548"]
[PlyCount "138"]
[EventDate "2018.05.12"]
[EventType "swiss"]
[EventRounds "5"]
[EventCountry "CAN"]
[SourceTitle "EXT 2022"]
[Source "ChessBase"]
[SourceDate "2021.10.06"]
[SourceVersion "1"]
[SourceVersionDate "2021.10.06"]
[SourceQuality "1"]

1. Nf3 Nf6 2. c4 Nc6 3. Nc3 e6 4. d4 d5 5. Bg5 Be7 6. e3 h6 7. Bf4 a6 8. Bd3 Nb4 9. 0-0 Nxd3 10. Qxd3 Bd6 11. Ne5 0-0 12. Rac1 dxc4 13. Qxc4 Nh5 14. Bg3 Nxg3 15. fxg3 Bxe5 16. dxe5 Qg5 17. Qf4 Qxf4 18. exf4 Bd7 19. Rfd1 Bc6 20. Ne2 Rac8 21. Nd4 Bd5 22. g4 c5 23. Nb3 b6 24. f5 a5 25. Nd2 Rfd8 26. b3 b5 27. Nf1 c4 28. Ne3 cxb3 29. Nxd5 exd5 30. axb3 Rxc1 31. Rxc1 Kf8 32. Kf2 Ke7 33. Ke3 g6 34. Kd4 gxf5 35. gxf5 a4 36. bxa4 bxa4 37. Rc7+ Rd7 38. Rc3 Rd8 39. Ra3 Rg8 40. Kxd5 Rxg2 41. Rxa4 Rd2+ 42. Ke4 Re2+ 43. Kd5 Rd2+ 44. Rd4 Rxh2 45. f6+ Kd7 46. Ke4+ Kc6 47. Rc4+ Kd7 48. Kd5 Rd2+ 49. Kc5 Ke6 50. Rh4 Rd5+ 51. Kc6 Rxe5 52. Rxh6 Rf5 53. Rh1 Rxf6 54. Re1+ Kf5+ 55. Kd5 Kg4 56. Rg1+ Kh3 57. Ke4 Rf2 58. Ke3 Ra2 59. Kf4 Rf2+ 60. Ke3 Rf6 61. Ke2 Rg6 62. Kf2 Rxg1 63. Kxg1 Kg3 64. Kf1 Kf3 65. Kg1 f5 66. Kf1 f4 67. Kg1 Ke2 68. Kh1 f3 69. Kg1 f2+ 0-1

[Event "Ste Foy Petrosian"]
[Site "Ste Foy"]
[Date "2018.04.07"]
[Round "1"]
[White "Laflamme, Simon"]
[Black "Stoyanova, Stela"]
[Result "1-0"]
[WhiteElo "1964"]
[BlackElo "1569"]
[PlyCount "43"]
[EventDate "2018.04.07"]
[EventType "swiss"]
[EventRounds "5"]
[EventCountry "CAN"]
[SourceTitle "EXT 2022"]
[Source "ChessBase"]
[SourceDate "2021.10.06"]
[SourceVersion "1"]
[SourceVersionDate "2021.10.06"]
[SourceQuality "1"]

1. Nf3 Nf6 2. c4 c5 3. Nc3 Nc6 4. d4 cxd4 5. Nxd4 Qb6 6. Nb3 e6 7. g3 Be7 8. e4 0-0 9. Bg2 e5 10. Be3 Qd8 11. 0-0 d6 12. h3 h6 13. Qe2 Nh7 14. Rad1 f5 15. exf5 Rxf5 16. c5 Qf8 17. cxd6 Bxd6 18. Qc4+ Kh8 19. Bxc6 Rh5 20. Bg2 Bxh3 21. Bxh3 Rxh3 22. Qg4 1-0

[Event "Ste Foy Morphy"]
[Site "Ste Foy"]
[Date "2018.03.24"]
[Round "5"]
[White "Stoyanova, Stela"]
[Black "Halhal, Sami"]
[Result "0-1"]
[WhiteElo "1628"]
[BlackElo "1952"]
[PlyCount "116"]
[EventDate "2018.02.17"]
[EventType "swiss"]
[EventRounds "5"]
[EventCountry "CAN"]
[SourceTitle "EXT 2022"]
[Source "ChessBase"]
[SourceDate "2021.10.06"]
[SourceVersion "1"]
[SourceVersionDate "2021.10.06"]
[SourceQuality "1"]

1. c4 e5 2. e4 Nc6 3. g3 Nd4 4. Nf3 d6 5. Nxd4 exd4 6. Bg2 Nf6 7. h3 g6 8. b4 c5 9. b5 Bg7 10. d3 0-0 11. 0-0 Be6 12. Kh2 Qd7 13. Qf3 a6 14. e5 dxe5 15. Qxb7 Ra7 16. Qxd7 Nxd7 17. Na3 f5 18. Rb1 axb5 19. Rxb5 e4 20. Re1 Rfa8 21. Rb3 Nf6 22. Bh1 Bf7 23. dxe4 fxe4 24. Bxe4 Nxe4 25. Rxe4 Be8 26. Re2 Bc6 27. g4 Kf7 28. Kg3 g5 29. f3 Bf8 30. Kf2 Bd6 31. Rb6 Rc7 32. Nb5 Bxb5 33. cxb5 d3 34. Rxd6 dxe2 35. Kxe2 Rxa2+ 36. Kd3 Ra1 37. Bxg5 Rd1+ 38. Bd2 c4+ 39. Kc2 Rf1 40. b6 Rb7 41. Rc6 Ke8 42. f4 Kd7 43. Rh6 Kc8 44. f5 Rd7 45. Bg5 Rf3 46. Rc6+ Kb7 47. Rh6 Rdd3 48. Rxh7+ Kxb6 49. Bh4 Rc3+ 50. Kd2 Rfd3+ 51. Ke1 Rc1+ 52. Ke2 Rc2+ 53. Ke1 Kc6 54. Bf2 Rb3 55. Rh6+ Kd5 56. Kf1 Rb1+ 57. Be1 Ke4 58. Re6+ Kf3 0-1

[Event "Quebec Montcalm op 6 2015-16"]
[Site "Quebec"]
[Date "2016.04.07"]
[Round "3"]
[White "Couture, Francois"]
[Black "Stoyanova, Stela"]
[Result "0-1"]
[WhiteElo "1305"]
[BlackElo "1453"]
[PlyCount "114"]
[EventDate "2016.03.24"]
[EventType "swiss"]
[EventRounds "5"]
[EventCountry "CAN"]
[SourceTitle "EXT 2022"]
[Source "ChessBase"]
[SourceDate "2021.10.06"]
[SourceVersion "1"]
[SourceVersionDate "2021.10.06"]
[SourceQuality "1"]

1. d4 e6 2. Bf4 f5 3. h3 Nf6 4. Nf3 d6 5. e3 Be7 6. Bd3 0-0 7. Nbd2 Qe8 8. 0-0 Nd5 9. Bg5 Bxg5 10. Nxg5 Rf6 11. c3 Rh6 12. Re1 Rh5 13. f4 h6 14. Ngf3 Qg6 15. h4 Nf6 16. Nf1 b6 17. Be2 Bb7 18. g3 Bxf3 19. Bxf3 d5 20. Bxh5 Nxh5 21. Qf3 Nd7 22. Re2 Ndf6 23. Rg2 Rc8 24. Kh1 Ng4 25. Nh2 Nhf6 26. Nxg4 fxg4 27. Qe2 Qe4 28. Rf1 Qf5 29. Qc2 Ne4 30. c4 Nxg3+ 31. Kg1 Nxf1 32. Qxf5 exf5 33. Kxf1 dxc4 34. Rc2 b5 35. b3 cxb3 36. axb3 Kf7 37. Ke2 Ke6 38. Rc5 a6 39. Rc6+ Kd7 40. Rxa6 Rg8 41. Ra5 c6 42. Ra7+ Kd6 43. b4 g5 44. hxg5 hxg5 45. fxg5 Rxg5 46. Kf2 Kd5 47. Re7 Kc4 48. Kg3 Kxb4 49. Kf4 g3 50. Kxg5 g2 51. Kxf5 g1Q 52. Re4 Kc3 53. Re6 Qf2+ 54. Ke4 Qg2+ 55. Kf4 b4 56. e4 Kxd4 57. e5 Qe4+ 0-1

[Event "Ste Foy Morphy"]
[Site "Ste Foy"]
[Date "2016.02.27"]
[Round "1"]
[White "Stoyanova, Stela"]
[Black "Sauve, Richard"]
[Result "0-1"]
[WhiteElo "1444"]
[BlackElo "1875"]
[PlyCount "106"]
[EventDate "2016.02.27"]
[EventType "swiss"]
[EventRounds "5"]
[EventCountry "CAN"]
[SourceTitle "EXT 2022"]
[Source "ChessBase"]
[SourceDate "2021.10.06"]
[SourceVersion "1"]
[SourceVersionDate "2021.10.06"]
[SourceQuality "1"]

1. Nf3 f5 2. d3 Nf6 3. Bg5 d5 4. c4 e6 5. g3 Be7 6. Bg2 0-0 7. 0-0 c6 8. Nbd2 Nbd7 9. e4 dxe4 10. dxe4 Nc5 11. Bxf6 Bxf6 12. e5 Be7 13. Nb3 Nxb3 14. Qxb3 Qc7 15. Rac1 Qb6 16. Rc3 Rd8 17. Qxb6 axb6 18. a3 g5 19. h3 h5 20. g4 hxg4 21. hxg4 fxg4 22. Nh2 Rd4 23. f4 gxf3 24. Bxf3 Rd2 25. Rf2 Bc5 26. Ng4 Bxf2+ 27. Nxf2 Rxb2 28. Kg2 Ra2 29. Rd3 R2xa3 30. Rd8+ Kf7 31. Ne4 Ke7 32. Rh8 Re3 33. Nd6 Rxe5 34. Nxc8+ Kf6 35. Rf8+ Kg7 36. Re8 Re3 37. Nd6 Ra2+ 38. Kg3 Raa3 39. Re7+ Kg6 40. Rf7 Red3 41. Rxb7 Rxf3+ 42. Kg2 Rfb3 43. Ne4 Ra2+ 44. Nf2 Rbb2 45. Kg3 Rxf2 46. Rxb6 Rfd2 47. Kf3 Kf5 48. Ke3 g4 49. Rxc6 Re2+ 50. Kd3 g3 51. Rc8 g2 52. Rf8+ Ke5 53. Rg8 Re1 0-1

[Event "Charlesbourg Alekhine op"]
[Site "Charlesbourg"]
[Date "2015.09.14"]
[Round "3"]
[White "Stoyanova, Stela"]
[Black "Beauchesne, Jonathan"]
[Result "0-1"]
[WhiteElo "1264"]
[BlackElo "1758"]
[PlyCount "126"]
[EventDate "2015.08.31"]
[EventType "tourn"]
[EventRounds "5"]
[EventCountry "CAN"]
[SourceTitle "EXT 2019"]
[Source "ChessBase"]
[SourceDate "2018.10.10"]
[SourceVersion "1"]
[SourceVersionDate "2018.10.10"]
[SourceQuality "1"]

1. b3 e5 2. e4 Nf6 3. Nc3 Bc5 4. Bc4 0-0 5. h3 c6 6. Qf3 Bd4 7. Nge2 d5 8. Bd3 Re8 9. Bb2 dxe4 10. Bxe4 Nxe4 11. Qxe4 Na6 12. g4 Bd7 13. Rh2 Qh4 14. 0-0-0 Bxf2 15. Rf1 Bb6 16. Qf3 Be6 17. Ne4 Qe7 18. a3 Rad8 19. Qc3 Bd4 20. Nxd4 exd4 21. Qd3 Nc5 22. Nxc5 Qxc5 23. Rf4 Bxb3 24. Rh1 Qe5 25. Rff1 Be6 26. Re1 Qd6 27. Rhf1 c5 28. c3 dxc3 29. Qxc3 Qd4 30. Qxd4 cxd4 31. d3 h5 32. Re4 hxg4 33. hxg4 a6 34. Bxd4 Rd5 35. Kd2 Red8 36. Ke3 Rc8 37. a4 b5 38. axb5 axb5 39. Rb1 Rb8 40. Re5 b4 41. Rxd5 Bxd5 42. Be5 Rb7 43. Kd4 Be6 44. g5 Kh7 45. Ke4 Kg6 46. Rb2 b3 47. Kf4 Rb4+ 48. d4 Ra4 49. Rb1 Ra2 50. Ke3 Rg2 51. Rd1 Bd5 52. Kd3 b2 53. Kc3 Be4 54. Kb3 b1Q+ 55. Rxb1 Bxb1 56. Kb4 Rxg5 57. Bc7 Ba2 58. Kc3 Rf5 59. Kd3 Kh5 60. Ke3 Kg4 61. Bd6 g5 62. Bh2 Kh3 63. Bd6 g4 0-1

[Event "Charlesbourg Alekhine op"]
[Site "Charlesbourg"]
[Date "2015.09.07"]
[Round "2"]
[White "Stoyanova, Stela"]
[Black "Cyr, Vincent"]
[Result "1-0"]
[WhiteElo "1264"]
[BlackElo "1438"]
[PlyCount "65"]
[EventDate "2015.08.31"]
[EventType "tourn"]
[EventRounds "5"]
[EventCountry "CAN"]
[SourceTitle "EXT 2019"]
[Source "ChessBase"]
[SourceDate "2018.10.10"]
[SourceVersion "1"]
[SourceVersionDate "2018.10.10"]
[SourceQuality "1"]

1. Nf3 d5 2. g3 Nf6 3. Bg2 Bg4 4. d3 h6 5. c3 e6 6. Qa4+ Qd7 7. Qxd7+ Nbxd7 8. h3 Bf5 9. Bf4 Rc8 10. a4 a6 11. Nbd2 Bc5 12. g4 Bg6 13. b4 Ba7 14. Nb3 0-0 15. 0-0 Rfe8 16. Nfd2 c5 17. Bd6 b6 18. Bg3 Nb8 19. e4 Red8 20. Rfd1 Nc6 21. b5 Nb8 22. Bh4 dxe4 23. dxe4 Rd3 24. Bxf6 gxf6 25. Rac1 axb5 26. Bf1 Rd7 27. Bxb5 Rd6 28. f3 Rcd8 29. Kf2 Nc6 30. Bxc6 Rxc6 31. Nc4 Rxd1 32. Rxd1 Kf8 33. Rd7 1-0